000 00939nam a22002177a 4500
999 _c13491
_d13491
003 AR-CdUCM
008 190415b ||||| |||| 00| 0 spa d
040 _aMUNICIPALIDAD PROVINCIAL DEL CUSCO
_cBIBLIOTECA MUNICIPAL DEL CUSCO
082 _aTS / 353 /
_bM94
100 _aMuñiz Florez, Lucio
_931925
245 _aEl poder Judicial en el Perú i la designación de Jueces /
260 _aCusco :
_bUniversidad nacional del Cusco,
_c1952.
300 _a76 hojas ;
_c28 cm.
500 _aTesis presentada para optar el grado de Bachiller en la facultad de derecho.
505 _aContenido: Sistemas de la organización judicial -- Sistemas de Nombramiento Judiciales --La organización judicial en la época Pre incaica -- La organización judicial en la época republicana ...
650 _aOrganización Judicial
_931926
650 _aPoder Judicial
_96946
650 _aPerú
_935
942 _2ddc
_cTESIS
945 _acmm
_d2019-04-15